It looks like you're offline.
Open Library logo
additional options menu

MARC record from Internet Archive

LEADER: 01857cam 2200565 i 4500
001 ocm59549688
003 OCoLC
005 20220916093548.0
008 050425s2001 enka j 000 f eng d
040 $aUKV3G$beng$cUKV3G$dUKM$dAU@$dOCLCQ$dOCLCO$dOCLCQ$dOCLCF$dOCLCO$dOCLCQ$dOCL
015 $aGBA1Y6054$2bnb
019 $a46602603
020 $a0330397451
020 $a9780330397452
035 $a(OCoLC)59549688$z(OCoLC)46602603
082 04 $a823.914$221
100 1 $aRees, Gwyneth.
245 14 $aThe shell princess /$cGwyneth Rees ; illustrated by Annabel Hudson.
260 $aLondon :$bMacmillan Children's Books,$c2001.
300 $a896 pages :$billustrations ;$c20 cm
336 $atext$btxt$2rdacontent
337 $aunmediated$bn$2rdamedia
338 $avolume$bnc$2rdacarrier
490 1 $aMermaids ;$v3
650 0 $aMermaids$vJuvenile fiction.
650 0 $aSiblings$vJuvenile fiction.
650 6 $aSirènes$vRomans, nouvelles, etc. pour la jeunesse.
650 6 $aFrères et sœurs$vRomans, nouvelles, etc. pour la jeunesse.
650 7 $aSiblings.$2fast$0(OCoLC)fst00839671
650 7 $aMermaids.$2fast$0(OCoLC)fst01017218
655 0 $aChildren's stories.
655 7 $aFiction.$2fast$0(OCoLC)fst01423787
655 7 $aJuvenile works.$2fast$0(OCoLC)fst01411637
830 0 $aMermaids ;$v3.
936 $aBATCHLOAD
029 1 $aAU@$b000022527997
029 1 $aAU@$b000022967652
029 1 $aNOK$b0330397451
029 1 $aUKBCI$b037682210
029 1 $aUKBNS$b037682210
029 1 $aUKBOR$b037682210
029 1 $aUKDON$b0330397451
029 1 $aUKMDD$b0330397451
029 1 $aUKSCO$b037682210
029 1 $aUKSGC$b037682210
029 1 $aUKSOM$b037682210
029 1 $aUKYLI$b0330397451
029 1 $aUNITY$b037682210
994 $aZ0$bGTX
948 $hNO HOLDINGS IN GTX - 29 OTHER HOLDINGS